02789nam a22002777a 4500003000400000005001700004008004000021022001400061040002500075110009200100245009000192260003200282300001800314500002400332505163000356610011601986650002702102650003002129650003202159650003302191710006002224856005802284942001602342999001702358952013602375OSt20251013105613.0251013b |||||||| |||| 00| 0 spad a2409-1553 aCGIPbspacCGIPeRDA aInstituto Dominicano de Evaluación e Investigación de la Calidad Educativa (Ideice) aRevista de Investigación y Evaluación Educativa Vol. 12 Núm. 2 (2025): Revie -  aSanto DomingobIdeicec2025 a130 páginas aVersión digital  aCONTENIDO0700. EVALUACIÓN EDUCATIVA EN TIEMPOS DE CAMBIOEVALUATION IN TIMES OF CHANGEDilcia D. Armesto Núñez1101. USO DE LA GAMIFICACIÓN EN LA REDACCIÓN DE ARTÍCULOS CIENTÍFICOS EN ESTUDIANTES DE INGENIERÍA, MÉRIDA, YUCATÁNGAMIFICATION APPLIED TO SCIENTIFIC ARTICLE WRITING IN ENGINEERING STUDENTS, MERIDA, YUCATANRutilio Nava Martínez • Augusto David Beltrán Poot3502. LA GESTIÓN COMO CATALIZADOR PARA LA INTEGRACIÓN DE TECNOLOGIAS DE LA INFORMACIÓN Y COMUNICACIÓN EN LA ENSEÑANZAEDUCATIONAL MANAGEMENT AS A CATALYST FOR THE INTEGRATION OF INFORMATION AND COMMUNICATION TECHNOLOGIES IN TEACHINGJuan Antonio Marrero-Pérez • Wilmania A. Díaz Pérez • Deivi Marrero Figuereo5903. LA FORMACIÓN DE LOS DOCENTES DE EDUCACIÓN FÍSICA Y SU DESEMPEÑO LABORAL EN LOS CENTROS EDUCATIVOSTHE TRAINING OF PHYSICAL EDUCATION TEACHERS AND THEIR JOB PERFORMANCE IN SCHOOLSÁngel Luis Durán7504. INTERACCIONES ENTRE SUSTANCIAS, VIOLENCIA INTRAFAMILIAR, ROLES DE GÉNERO Y SU IMPACTO EN EL BIENESTAR DE JÓVENES Y ADULTOSINTERACTIONS BETWEEN SUBSTANCE USE, DOMESTIC VIOLENCE, GENDER ROLES, AND THEIR IMPACT ON THE WELL-BEING OF YOUTH AND ADULTSWanda Marina Román-Santana • Judith Marcela Martínez-Alonzo • Lamec Fabian • Doris del Carmen de la Cruz Mena10705. LA PARTICIPACIÓN COMUNITARIA EN LOS CENTROS EDUCATIVOS: DESAFÍOS Y OPORTUNIDADES EN CONTEXTO DIVERSOCOMMUNITY PARTICIPATION IN EDUCATIONAL CENTERS: CHALLENGES AND OPPORTUNITIES IN DIVERSE CONTEXTSJuan José Mariñez Báez • Ruddy Medina-Calderón • Juan Antonio Marrero-Pérez  aInstituto Dominicano de Evaluación e Investigación de la Calidad Educativa (Ideice)zRepública Dominicana aEvaluación Educativa aUSO DE LA GAMIFICACIÓN  aGESTIÓN COMO CATALIZADOR  aFORMACIÓN DE LOS DOCENTES  aCentro de Gestión de la Información y Publicaciones uhttps://revie.gob.do/index.php/revie/article/view/240 2ddccREVn0 c13464d13464 00102ddc4070aRIbRId2025-10-13l0r2025-10-13 10:55:58uhttps://revie.gob.do/index.php/revie/article/view/240w2025-10-13yREV